World's Freest Economies Quiz Stats

 Plays Quiz not verified by Sporcle

Score 0/32 Timer 05:00
0 Plays Today
Economic Freedom Score Country % Correct
75.5United States
96.3%
80.2Canada
93%
74.9United Kingdom
93%
70.9Norway
93%
73.4Germany
91.8%
73.1Sweden
91.8%
73.4Finland
91%
76.1Denmark
89.8%
72.4Japan
88.9%
82.0Australia
88.5%
81.2New Zealand
87.3%
71.2South Korea
86.9%
81.6Switzerland
86.5%
76.2Ireland
84%
72.4Austria
82.8%
72.4Iceland
81.1%
Economic Freedom Score Country % Correct
74.2Netherlands
79.9%
89.4Singapore
77.9%
74.2Luxembourg
75%
73.9Taiwan
66%
72.2Czech Republic
58.2%
71.4United Arab Emirates
58.2%
75.9Estonia
54.1%
78.7Chile
53.7%
73.0Lithuania
51.6%
71.3Qatar
51.6%
75.1Bahrain
47.1%
70.7Colombia
28.7%
72.6Georgia
16.4%
76.5Mauritius
12.7%
72.0Botswana
9.8%
70.7Saint Lucia
8.6%

You're not logged in!

Compare scores with friends on all Sporcle quizzes.
OR
Log In

Show Comments

Extras

Top Quizzes Today


Score Distribution

Your Account Isn't Verified!

In order to create a playlist on Sporcle, you need to verify the email address you used during registration. Go to your Sporcle Settings to finish the process.

Report this User

Report this user for behavior that violates our Community Guidelines.

Details: